|
|
|
|
| LEADER |
00000cam a2200000 a 4500 |
| 001 |
vtls008187812 |
| 003 |
SK-MaSNL |
| 005 |
20260302074057.0 |
| 008 |
220509 1898 xo 000 0 hun |
| 035 |
|
|
|a urn:nbn:sk:snk-am00gle4
|
| 035 |
|
|
|a urn:nbn:sk:snk-am3j425
|
| 035 |
|
|
|a 0A9D98C8-483A-4559-A964-49B1753A71FF
|
| 040 |
|
|
|a SNK
|b slo
|c SNK
|e AACR2
|
| 041 |
0 |
|
|a hun
|
| 043 |
|
|
|a e-au---
|a e-hu---
|
| 044 |
|
|
|a xo
|c SK
|
| 072 |
|
7 |
|a 93/94
|x Dejiny (všeobecne)
|2 konspekt
|
| 080 |
|
|
|a 93/94
|2 2011
|
| 080 |
|
|
|a (436+439)
|2 2011
|
| 130 |
2 |
|
|a A szabadságharcz
|9 739256
|
| 245 |
1 |
2 |
|a A szabadságharcz Emlék-Albuma
|
| 250 |
|
|
|a Második bővitett kiadás
|
| 260 |
|
|
|a [Kassa]
|b Nyomatott ifj. Nauer Henrik könyv-, kő- és műnyomdájában
|c 1898
|
| 300 |
|
|
|a 208 s.
|c 23 cm
|
| 500 |
|
|
|a Titulná strana v ozdobnom rámčeku s vinetou, ozdobné iniciály, vlysy, vinety
|
| 510 |
4 |
|
|a Bibliografia územne slovacikálnych tlačí 19. storočia
|c 13468
|
| 650 |
0 |
7 |
|a dejiny
|2 SNKPH
|9 3825
|
| 651 |
|
7 |
|a Rakúsko-Uhorsko
|2 SNKPH
|9 36860
|
| 700 |
1 |
|
|a Hohenauer, Ignácz
|4 aui
|9 271634
|
| 700 |
1 |
|
|a Fabián, János
|4 oth
|9 295992
|
| 700 |
1 |
|
|a Horváth, Balász
|4 aut
|9 724408
|
| 700 |
1 |
|
|a Lévay, József,
|d 1825-1918
|4 aut
|9 374508
|
| 700 |
1 |
|
|a Darvaš, Imrich,
|d 1822-1901
|4 aut
|9 192312
|
| 700 |
1 |
|
|a Münster, Teodor
|4 aut
|9 739257
|
| 700 |
1 |
|
|a Deil, Eugen,
|d 1846-1908
|9 739258
|
| 700 |
1 |
|
|a Stőhr, Anton
|4 aut
|9 739259
|
| 700 |
1 |
|
|a Madarassy, Lipót
|4 aut
|9 739260
|
| 700 |
1 |
|
|a Kovács, Žigmund,
|d 1846-po 1911
|4 aut
|9 433387
|
| 700 |
1 |
|
|a Klekner, Alojz
|4 aut
|9 739261
|
| 700 |
1 |
|
|a Lekly, Július,
|d 1853-1915
|4 aut
|9 500614
|
| 700 |
1 |
|
|a Timko, Jozef
|4 aut
|9 53707
|
| 700 |
1 |
|
|a Sipos, Gyula
|4 aut
|9 739262
|
| 700 |
1 |
|
|a Sárosi, Árpád,
|d 1864-1930
|4 aut
|9 158504
|
| 700 |
1 |
|
|a Nauer, Henrich
|4 prt
|9 739263
|
| 752 |
|
|
|a Slovensko
|d Košice
|
| 958 |
|
|
|a DF
|
| 958 |
|
|
|a ONDV
|
| 999 |
|
|
|c 1163589
|d 1165519
|
| 952 |
|
|
|a SNK
|b SNK
|y PREZ
|7 0
|p 17A0789715
|o snkSC 8064/1-3
|i snkKSK 891/56
|8 3
|0 0
|1 0
|4 0
|d 2012-03-12
|f 1
|l 0
|r 2025-07-04 00:00:00
|w 2026-02-24
|
| 952 |
|
|
|a SNK
|b SNK
|y PREZ
|7 0
|p 17A0481539
|o snkSC 8064/1-3 D1
|i snkK 1930/67
|8 3
|3 Rekatalogizácia
|0 0
|1 0
|4 0
|d 2005-08-03
|l 0
|r 2026-02-24 20:40:46
|w 2026-02-24
|